| 000 | 00890nam a22002897a 4500 | ||
|---|---|---|---|
| 001 | 5293 | ||
| 003 | FISKH | ||
| 005 | 20250828112959.0 | ||
| 008 | 241125b cb ||||| |||| 00| 0 eng d | ||
| 020 | _a9780439791656 | ||
| 040 |
_aFISKH _beng _cFISKH _dFISKH |
||
| 050 | _aPZ7.S52865 | ||
| 082 | _a808.068 | ||
| 100 |
_aShannon, David _d(1959-) |
||
| 245 |
_aAlice the fairy / _cDavid Shannon |
||
| 250 | _aFirst paperback printing in 2005 | ||
| 260 |
_aNew York : _bScholastic, _c2005. |
||
| 300 |
_a30 pages : _bcolor illustrations ; _c28 cm. |
||
| 505 | _aL | ||
| 520 | _aAlice, who claims to be a Temporary Fairy, still has a lot to learn, such as how to make her clothes put themselves away in the closet. | ||
| 521 | 8 |
_a510
_bLexile |
|
| 521 | 8 |
_aL
_bRaz-Plus |
|
| 650 |
_2Imagination _aHumor |
||
| 650 |
_2Fiction _aPretend |
||
| 942 |
_2ddc _cBK _n0 |
||
| 999 |
_c5293 _d5293 |
||